[Event "World Rapid 2022"]
[Site "Almaty KAZ"]
[Date "2022.12.26"]
[Round "4.34"]
[White "Le, Tuan Minh"]
[Black "Najer, Evgeniy"]
[Result "1/2-1/2"]
[WhiteTitle "GM"]
[BlackTitle "GM"]
[WhiteElo "2542"]
[BlackElo "2662"]
[WhiteFideId "12401153"]
[BlackFideId "4118987"]
[EventDate "2022.12.26"]

1. d4 Nf6 2. c4 e6 3. Nc3 Bb4 4. Qc2 d5 5. cxd5 exd5 6. Nf3 c5 7. a3 Bxc3+ 8.
bxc3 O-O 9. e3 Nc6 10. dxc5 Re8 11. Bd3 Bg4 12. Nd4 Ne5 13. a4 Rc8 14. Ba3 Nxd3+
15. Qxd3 Ne4 16. O-O Nxc5 17. Bxc5 Rxc5 18. Rfb1 Qc8 19. Rb3 b6 20. h3 Bd7 21.
Rba3 Qc7 22. Nb5 Qb8 23. Nd4 Qc7 24. Nb5 Qb8 25. Nd4 Qc7 1/2-1/2

[Event "World Rapid 2022"]
[Site "Almaty KAZ"]
[Date "2022.12.26"]
[Round "4.35"]
[White "Sankalp, Gupta"]
[Black "Predke, Alexandr"]
[Result "0-1"]
[WhiteTitle "GM"]
[BlackTitle "GM"]
[WhiteElo "2485"]
[BlackElo "2684"]
[WhiteFideId "5097010"]
[BlackFideId "24107581"]
[EventDate "2022.12.26"]

1. e4 c5 2. Nf3 e6 3. c3 d5 4. exd5 Qxd5 5. d4 Nf6 6. Be3 Nc6 7. Na3 cxd4 8. Nb5
Qd7 9. Nbxd4 a6 10. Nxc6 Qxc6 11. Ne5 Qc7 12. Qa4+ Nd7 13. f4 Bc5 14. Bxc5 Qxc5
15. O-O-O b5 16. Qe4 Ra7 17. Bd3 Nxe5 18. fxe5 Rd7 19. Bc2 Bb7 20. Qf4 Rxd1+ 21.
Rxd1 O-O 22. g3 Bd5 23. a3 f5 24. exf6 Rxf6 25. Qb8+ Rf8 26. Qe5 Qf2 27. h4 a5
28. Bd3 Qc5 29. Be2 b4 30. axb4 axb4 31. Qd4 Qc7 32. Qxb4 Qxg3 33. Bd3 Qe3+ 34.
Kb1 Bf3 35. Qb3 Bxd1 36. Qxd1 Qf3 37. Qxf3 Rxf3 38. Kc2 Rf2+ 39. Kc1 Kf7 40. b4
Rh2 41. b5 Ke7 42. Bxh7 Rxh4 43. Bc2 Kd6 44. Kd2 Kc5 45. Bd3 Rh3 46. Bf1 Rg3 47.
c4 g5 48. Ke2 Rb3 49. Kf2 g4 50. Kg2 e5 51. Kf2 e4 52. Kg2 Rb1 53. Be2 Rb2 54.
Kf1 g3 0-1

[Event "World Rapid 2022"]
[Site "Almaty KAZ"]
[Date "2022.12.26"]
[Round "4.37"]
[White "Mamedov, Rauf"]
[Black "Utegaliyev, Azamat"]
[Result "1-0"]
[WhiteTitle "GM"]
[WhiteElo "2646"]
[BlackElo "2445"]
[WhiteFideId "13401653"]
[BlackFideId "13702467"]
[EventDate "2022.12.26"]

1. e4 c5 2. Nf3 e6 3. c3 Nf6 4. e5 Nd5 5. Bc4 d6 6. d4 cxd4 7. cxd4 Be7 8. O-O
O-O 9. Qe2 b6 10. Rd1 Bb7 11. Bxd5 exd5 12. Nc3 Na6 13. Bf4 Nc7 14. Rac1 Qd7 15.
exd6 Bxd6 16. Ne5 Qf5 17. Bg3 f6 18. Nf3 Rfe8 19. Qd2 Bxg3 20. hxg3 Rac8 21. Re1
Qd7 22. Qf4 Ne6 23. Qf5 Bc6 24. g4 Nf8 25. Qf4 Ne6 26. Qd2 h6 27. Nh4 Ng5 28. f3
Nf7 29. Nf5 Nd6 30. Ne3 Qf7 31. b3 h5 32. Qf2 hxg4 33. Nxg4 Nf5 34. Ne2 Bd7 35.
Rxc8 Bxc8 36. Rc1 Nd6 37. Nh6+ gxh6 38. Qg3+ Bg4 39. Qxg4+ Qg7 40. Qxg7+ Kxg7
41. Nf4 Nb5 42. Kf2 Re7 43. Nxd5 Rd7 44. Nf4 Kf7 45. d5 Ke7 46. Ke3 Nd6 47. g4
Nf7 48. Rc6 Rd6 49. Rc8 f5 50. gxf5 Kf6 51. Rc7 Ng5 52. Rxa7 Kxf5 53. Ra8 Rd7
54. Rf8+ Ke5 55. Rb8 Rf7 56. Re8+ Kd6 57. a4 Rc7 58. Kd3 Rf7 59. Ke3 Rc7 60.
Rd8+ Ke7 61. Rh8 Rc3+ 62. Nd3 Nxf3 63. Rxh6 Ne1 64. Rxb6 Kd7 65. Rb5 Ng2+ 66.
Kd2 Rc8 67. Ne5+ Kd6 68. Nc4+ Kd7 69. Nb6+ 1-0

[Event "World Rapid 2022"]
[Site "Almaty KAZ"]
[Date "2022.12.26"]
[Round "4.38"]
[White "Andriasian, Zaven"]
[Black "Agmanov, Zhandos"]
[Result "1-0"]
[WhiteTitle "GM"]
[BlackTitle "IM"]
[WhiteElo "2580"]
[BlackElo "2442"]
[WhiteFideId "13302000"]
[BlackFideId "13708309"]
[EventDate "2022.12.26"]

1. e4 c6 2. d4 d5 3. e5 Bf5 4. h4 h5 5. Bd3 Bxd3 6. Qxd3 Qa5+ 7. Nd2 e6 8. Nf3
Nh6 9. O-O Nf5 10. c4 Qa6 11. b3 Nd7 12. a4 Rd8 13. Qc2 Bb4 14. Ba3 Bxd2 15.
Qxd2 dxc4 16. Rfb1 cxb3 17. Rxb3 Nb6 18. Qb4 Rd7 19. Rab1 f6 20. a5 Nd5 21. Qd2
Kf7 22. Bc5 Rb8 23. Ra3 Nc7 24. Re1 Nb5 25. Raa1 Nc7 26. exf6 gxf6 27. Qf4 Qc4
28. Rac1 Qd3 29. Re3 Nd5 30. Qxb8 Ndxe3 31. Qc8 Rd5 32. Qf8+ Kg6 33. Qe8+ Kh7
34. Qf7+ Ng7 35. Bf8 Nf5 36. Qxf6 Rd7 37. Ng5+ Kg8 38. Bc5 1-0

[Event "World Rapid 2022"]
[Site "Almaty KAZ"]
[Date "2022.12.26"]
[Round "4.39"]
[White "Vakhidov, Jakhongir"]
[Black "Jobava, Baadur"]
[Result "1-0"]
[WhiteTitle "GM"]
[BlackTitle "GM"]
[WhiteElo "2607"]
[BlackElo "2578"]
[WhiteFideId "14201801"]
[BlackFideId "13601520"]
[EventDate "2022.12.26"]

1. c4 g6 2. Nc3 Bg7 3. d4 c5 4. d5 d6 5. e4 Bxc3+ 6. bxc3 e5 7. Bd3 Nd7 8. h4
Qe7 9. h5 Kd8 10. Nf3 Kc7 11. Ng5 Ndf6 12. hxg6 fxg6 13. f4 exf4 14. Bxf4 Bg4
15. Qa4 Bd7 16. Qa3 b6 17. O-O Kb7 18. e5 dxe5 19. Rae1 Ng4 20. Be4 Qe8 21. d6+
Bc6 22. Bxc6+ Qxc6 23. Bxe5 Nxe5 24. Rxe5 Nh6 25. Re7+ Kb8 26. Qa6 Qc8 27. Qxc8+
Rxc8 28. Ne6 Nf5 29. Rxf5 gxf5 30. d7 1-0

[Event "World Rapid 2022"]
[Site "Almaty KAZ"]
[Date "2022.12.26"]
[Round "4.41"]
[White "Pantsulaia, Levan"]
[Black "Sargissian, Gabriel"]
[Result "1/2-1/2"]
[WhiteTitle "GM"]
[BlackTitle "GM"]
[WhiteElo "2597"]
[BlackElo "2699"]
[WhiteFideId "13602071"]
[BlackFideId "13300881"]
[EventDate "2022.12.26"]

1. Nf3 d5 2. c4 e6 3. g3 Nf6 4. Bg2 dxc4 5. Qa4+ Bd7 6. Qxc4 c5 7. Ne5 Qc8 8.
Qd3 Nc6 9. Nxd7 Qxd7 10. Qxd7+ Kxd7 11. Nc3 Be7 12. d3 Rac8 13. e3 Rhd8 14. Ke2
Ke8 15. Rd1 Rd7 16. b3 Nb4 17. a3 Nfd5 18. Nxd5 Nxd5 19. Bb2 Bf6 20. Bxf6 Nxf6
21. Rac1 Rdc7 22. Rc4 b5 23. Rc2 Ke7 24. Rdc1 Ne8 25. a4 bxa4 26. bxa4 Nd6 27.
Rb1 c4 28. d4 c3 29. a5 Nc4 30. Rxc3 Nxa5 31. Rxc7+ Rxc7 32. Kd3 Nc4 33. Rb4 Nb6
34. Rb5 Nc4 35. Rb4 Nb6 36. Rb5 Nc4 37. Rb4 1/2-1/2

[Event "World Rapid 2022"]
[Site "Almaty KAZ"]
[Date "2022.12.26"]
[Round "4.42"]
[White "Durarbayli, Vasif"]
[Black "Andreikin, Dmitry"]
[Result "1/2-1/2"]
[WhiteTitle "GM"]
[BlackTitle "GM"]
[WhiteElo "2612"]
[BlackElo "2729"]
[WhiteFideId "13402935"]
[BlackFideId "4158814"]
[EventDate "2022.12.26"]

1. e4 e5 2. Nf3 Nc6 3. Bb5 Nf6 4. d3 Bc5 5. c3 O-O 6. O-O d6 7. Bg5 h6 8. Bh4 a6
9. Bxc6 bxc6 10. h3 Ba7 11. Nbd2 Qe7 12. Nc4 Qe6 13. Re1 Nh5 14. Nfxe5 Nf4 15.
Ng4 h5 16. Nge3 d5 17. exd5 cxd5 18. Bg3 Nxh3+ 19. gxh3 dxc4 20. Qxh5 Bxe3 21.
Rxe3 Qb6 22. Kh2 cxd3 23. Rg1 Qg6 24. Qxg6 fxg6 25. Rxd3 Bf5 26. Re3 Rad8 27.
Rge1 c5 28. Re7 Rf7 29. Re8+ Rf8 30. R8e7 Rf7 31. Re8+ Rf8 32. Rxf8+ Kxf8 33.
Bf4 Kf7 34. h4 Re8 35. Rxe8 Kxe8 36. b4 cxb4 37. cxb4 Kd7 38. Kg3 Kc6 39. a4 Bc2
40. a5 Kd5 41. Bd2 Bd3 42. Bc3 Kc4 1/2-1/2

[Event "World Rapid 2022"]
[Site "Almaty KAZ"]
[Date "2022.12.26"]
[Round "4.44"]
[White "Naiditsch, Arkadij"]
[Black "Alonso Rosell, Alvar"]
[Result "0-1"]
[WhiteTitle "GM"]
[BlackTitle "GM"]
[WhiteElo "2659"]
[BlackElo "2561"]
[WhiteFideId "4650891"]
[BlackFideId "2270544"]
[EventDate "2022.12.26"]

1. e4 e5 2. Nf3 Nc6 3. Bb5 a6 4. Ba4 d6 5. Bxc6+ bxc6 6. d4 exd4 7. Nxd4 c5 8.
Ne2 Nf6 9. Nbc3 Bb7 10. Ng3 g6 11. Bf4 h5 12. h4 Bg7 13. Qd2 Ng4 14. Bg5 Qd7 15.
O-O f6 16. Bf4 Ne5 17. Nd5 O-O 18. Rad1 Kh7 19. f3 a5 20. Ne3 a4 21. Ne2 Bc6 22.
Nc3 Rab8 23. Qc1 Qf7 24. Ncd5 Bb5 25. Rf2 Rfe8 26. Kh1 Rb7 27. Rg1 Nc4 28. a3
Nxe3 29. Nxe3 Bd7 30. c3 Rbb8 31. Rd1 Be6 32. Rdd2 Bd7 33. Qd1 f5 34. exf5 Bxf5
35. Nxf5 Qxf5 36. Bg3 Bxc3 37. Rde2 Bd4 38. Rxe8 Rxe8 39. Rf1 Qd7 40. Qc2 Qb5
41. Rb1 Re2 42. Qd1 Rxb2 43. Rxb2 Qxb2 44. Kh2 Qxa3 45. Bf4 Qa1 46. Qe2 Be5 47.
g3 Qb2 48. Bd2 0-1

[Event "World Rapid 2022"]
[Site "Almaty KAZ"]
[Date "2022.12.26"]
[Round "4.45"]
[White "Adly, Ahmed"]
[Black "Bilguun, Sumiya"]
[Result "1/2-1/2"]
[WhiteTitle "GM"]
[BlackTitle "GM"]
[WhiteElo "2596"]
[BlackElo "2474"]
[WhiteFideId "10601619"]
[BlackFideId "4901541"]
[EventDate "2022.12.26"]

1. d4 d5 2. Nc3 Nf6 3. Bf4 g6 4. e3 Bg7 5. h4 h5 6. Nb5 Na6 7. c4 c6 8. Nc3 O-O
9. Nf3 Bg4 10. Qb3 Bc8 11. Rc1 Nc7 12. Ne5 a5 13. Na4 dxc4 14. Bxc4 Ncd5 15. Bg5
Ne4 16. Bxd5 cxd5 17. Nb6 Rb8 18. Bf4 Be6 19. Ned7 Bxd7 20. Bxb8 Bc6 21. Bf4 e6
22. Na4 Nd6 23. Nc5 Nc4 24. Nxb7 Qe7 25. Nd6 Rd8 26. Nxc4 dxc4 27. Qxc4 Bxg2 28.
Rg1 Bd5 29. Qc7 Qb4+ 30. Qc3 Qb5 31. a3 e5 32. Bxe5 Bxe5 33. dxe5 Bf3 34. Qc2
Qxe5 35. Rg3 Be4 36. Qc3 Qf5 37. Kf1 Kh7 38. Kg1 Rd3 39. Qc7 Rd2 40. f3 Bd5 41.
Qc3 Re2 42. Re1 Rc2 43. Qd4 Be6 44. Rf1 Rc4 45. Qd8 Rc2 46. b4 axb4 47. axb4 Rb2
48. Qg5 Qd3 49. Rg2 Rxb4 50. Re1 Rb5 51. Qg3 Qc3 52. Kh2 Qf6 53. e4 Rb3 54. Rf2
Qc3 55. Rd1 Qe3 56. Kg2 Bg4 57. Rd6 Ra3 58. Rd8 Rb3 59. Rf8 Kg7 60. Ra8 Kh7 61.
Ra6 Rc3 62. Rd6 Rb3 63. Rf6 Be6 64. Qc7 Kg8 65. Qd8+ Kg7 66. Rxe6 fxe6 67. Qe7+
Kh6 68. Qf8+ Kh7 69. Rc2 Rb7 70. Qf6 Qd3 71. Ra2 Qd6 72. Ra8 Rg7 73. Qf8 Qxf8
74. Rxf8 g5 75. Kg3 g4 76. f4 Re7 77. Rf6 Kg7 78. e5 Re8 79. f5 exf5 80. Rxf5
Rh8 81. Rg5+ Kf7 82. Kf4 Rh7 83. Kf5 Rh6 84. Ke4 Rg6 85. Rxh5 g3 86. Rf5+ Ke6
87. Rf1 g2 88. Rg1 Rg4+ 89. Kf3 Rxh4 90. Rxg2 Kxe5 1/2-1/2

[Event "World Rapid 2022"]
[Site "Almaty KAZ"]
[Date "2022.12.26"]
[Round "4.46"]
[White "Sjugirov, Sanan"]
[Black "Yoo, Christopher Woojin"]
[Result "1/2-1/2"]
[WhiteTitle "GM"]
[BlackTitle "GM"]
[WhiteElo "2712"]
[BlackElo "2575"]
[WhiteFideId "4189302"]
[BlackFideId "30909694"]
[EventDate "2022.12.26"]

1. d4 Nf6 2. c4 e6 3. Nf3 d5 4. Nc3 Bb4 5. Bg5 O-O 6. e3 h6 7. Bh4 c5 8. cxd5
exd5 9. dxc5 Nbd7 10. Be2 Bxc3+ 11. bxc3 Nxc5 12. O-O Be6 13. Nd4 Nce4 14. Rc1
Qa5 15. Bxf6 Nxf6 16. Qb3 Bd7 17. Qb4 Qb6 18. Qxb6 axb6 19. c4 Rfc8 20. cxd5
Rxc1 21. Rxc1 Rxa2 22. Rc7 Ba4 23. h3 Nxd5 24. Rc8+ Kh7 25. Bc4 Ra1+ 26. Kh2 Bd7
27. Rd8 Nf6 28. Bxf7 Rc1 29. Bb3 Rc8 30. Bc2+ g6 31. Rxc8 Bxc8 32. e4 Kg7 33. f4
h5 34. Kg3 Bd7 35. Bd3 Bc6 36. Kf3 Nd7 37. Ke3 Nc5 38. g4 hxg4 39. hxg4 b5 40.
e5 b4 41. Bc4 Ba4 42. Ne6+ Nxe6 43. Bxe6 b3 44. Kd2 b2 45. Ba2 Bd7 46. Kc3 Bxg4
47. Kxb2 g5 48. fxg5 Kg6 49. Kc3 Kxg5 50. Kd4 Kf4 51. Bd5 b5 52. e6 Bxe6 53.
Bxe6 b4 54. Bc4 b3 55. Bxb3 1/2-1/2

[Event "World Rapid 2022"]
[Site "Almaty KAZ"]
[Date "2022.12.26"]
[Round "4.47"]
[White "Dragnev, Valentin"]
[Black "Aravindh, Chithambaram VR."]
[Result "0-1"]
[WhiteTitle "GM"]
[BlackTitle "GM"]
[WhiteElo "2556"]
[BlackElo "2607"]
[WhiteFideId "1634852"]
[BlackFideId "5072786"]
[EventDate "2022.12.26"]

1. e4 e5 2. Nf3 Nc6 3. Bb5 Nge7 4. O-O Ng6 5. d4 exd4 6. Nxd4 Bc5 7. Nf5 O-O 8.
Be3 Bb6 9. Nc3 d6 10. Bxb6 axb6 11. Ne3 Nce7 12. Bd3 Kh8 13. f4 f5 14. g3 c6 15.
Qh5 fxe4 16. Nxe4 Ng8 17. f5 Ra5 18. g4 Ne5 19. b4 Ra3 20. f6 g6 21. Qh4 d5 22.
Ng5 h6 23. Nf3 Nxd3 24. cxd3 Qxf6 25. Qe1 Re8 26. Qd2 Qc3 27. Qf2 Qxd3 28. Nc2
Rc3 29. Ncd4 Bxg4 30. Qh4 Qe3+ 31. Rf2 Re4 32. Re1 Rc1 33. Rxc1 Bxf3 0-1

[Event "World Rapid 2022"]
[Site "Almaty KAZ"]
[Date "2022.12.26"]
[Round "4.48"]
[White "Moiseenko, Alexander"]
[Black "Suleymenov, Alisher"]
[Result "1/2-1/2"]
[WhiteTitle "GM"]
[BlackTitle "IM"]
[WhiteElo "2577"]
[BlackElo "2476"]
[WhiteFideId "14102560"]
[BlackFideId "13707833"]
[EventDate "2022.12.26"]

1. d4 Nf6 2. c4 g6 3. Nc3 d5 4. cxd5 Nxd5 5. e4 Nxc3 6. bxc3 Bg7 7. Nf3 c5 8.
Bb5+ Nc6 9. O-O O-O 10. Bxc6 bxc6 11. Qc2 cxd4 12. cxd4 Bg4 13. Ne5 Qxd4 14. Bb2
Qb6 15. Rab1 Bxe5 16. Bxe5 Qa5 17. Bc3 Qc5 18. Qb2 a5 19. Bd4 Qd6 20. Qc3 Be2
21. Rfe1 Bb5 22. h4 Rfd8 23. Bb6 Rd7 24. h5 Qf6 25. Qg3 Rd3 26. Be3 Rad8 27. h6
Qe6 28. a4 Bxa4 29. Rb8 f6 30. Rxd8+ Rxd8 31. Qc7 Re8 32. Qxa5 Bb5 33. Bc5 Kf7
34. f3 Qe5 35. Qa2+ Qe6 36. Qa5 g5 37. Qc7 Kg6 38. Qh2 Qe5 39. Qxe5 fxe5 40. Ra1
Kxh6 41. Ra7 Kg6 42. Rxe7 Rxe7 43. Bxe7 g4 44. fxg4 Bd3 45. Kf2 Bxe4 46. g3 Kf7
47. Ba3 Ke6 48. Ke3 Kd5 49. Bb2 Bc2 50. Bc3 Bd1 51. g5 Bc2 52. Bb2 Bg6 53. Bc3
Ke6 54. Bb4 Kf5 55. Bd6 Ke6 56. Bb4 Kd5 57. Bc3 c5 58. Bb2 Bb1 59. Bc3 Bc2 60.
Bb2 Be4 61. Bc3 Bf5 62. Bb2 Bg6 63. Bc3 Bf7 64. Bb2 Bg8 65. Bc3 Be6 66. Bb2 Bd7
67. Bc3 Be8 68. Bb2 Bc6 69. Bc3 Ba8 70. Bb2 Bb7 71. Bc3 Ba6 72. Bb2 Bb5 73. Bc3
Ba4 74. Bb2 Bc2 75. Bc3 Bg6 76. Bb2 e4 77. Bg7 c4 78. Bd4 Kc6 79. Bc3 Kc5 80.
Be1 Kd5 81. Bc3 Bf7 82. Kf4 Be8 83. Ke3 Bc6 84. Kf4 Kc5 85. Ke3 Bb7 86. Be1 Kd5
87. Bc3 Ke6 88. Kd4 Kf5 89. Kxc4 Kxg5 90. Kd4 Kg4 91. Ke3 Kxg3 92. Be5+ Kg2 93.
Bf6 h5 94. Bd8 Kg3 95. Bc7+ Kg4 96. Bd6 h4 97. Bc7 Kh3 98. Kf2 Kg4 99. Bd6 h3
100. Bc7 Ba6 101. Bd6 Kf5 102. Bc7 Ke6 103. Ke3 Kd5 104. Bh2 Bb7 105. Bg3 Kc4
106. Kd2 Kd4 107. Bf2+ e3+ 108. Bxe3+ Ke4 109. Bg1 Kf3 110. Bh2 Kg2 111. Bc7 h2
112. Bxh2 1/2-1/2

[Event "World Rapid 2022"]
[Site "Almaty KAZ"]
[Date "2022.12.26"]
[Round "4.49"]
[White "Ponkratov, Pavel"]
[Black "Pranav, V"]
[Result "1-0"]
[WhiteTitle "GM"]
[BlackTitle "GM"]
[WhiteElo "2577"]
[BlackElo "2545"]
[WhiteFideId "4157800"]
[BlackFideId "25060783"]
[EventDate "2022.12.26"]

1. e4 e5 2. Nf3 Nc6 3. Bc4 Nf6 4. Ng5 d5 5. exd5 Na5 6. Bb5+ c6 7. dxc6 bxc6 8.
Be2 h6 9. Nf3 e4 10. Ne5 Bc5 11. O-O O-O 12. c3 Bd6 13. d4 exd3 14. Nxd3 Re8 15.
Nf4 Qc7 16. g3 Bf5 17. Bd3 Bxd3 18. Qxd3 Rad8 19. Qa6 Nb7 20. b4 Ne4 21. Ng2 Be5
22. Qxa7 c5 23. bxc5 Nexc5 24. Qa3 Ra8 25. Qb2 Nd6 26. Qc2 Nce4 27. a4 Qc6 28.
Re1 Bf6 29. Bf4 Nc4 30. a5 g5 31. Bc1 Ne5 32. Re3 Ng4 33. Re2 Rad8 34. Be3 Ne5
35. Ne1 g4 36. Qa4 Qxa4 37. Rxa4 Rd1 38. Kg2 Nf3 39. Nxf3 Rxb1 40. Rxe4 Rxe4 41.
Nd2 Rxe3 42. Rxe3 Ra1 43. Nb3 Ra4 44. Rd3 Kg7 45. h3 h5 46. h4 Rc4 47. a6 Ra4
48. Nc5 Ra2 49. c4 Kg6 50. Rd6 Kg7 51. Nd3 Be7 52. Rc6 Bf6 53. c5 Bc3 54. Rd6
Ba1 55. Nf4 Be5 56. Nxh5+ Kf8 57. Rd5 f6 58. Nf4 Kf7 59. Nd3 Ke6 60. Rd8 Bc7 61.
Ra8 1-0

[Event "World Rapid 2022"]
[Site "Almaty KAZ"]
[Date "2022.12.26"]
[Round "4.50"]
[White "Petkov, Momchil"]
[Black "Sargsyan, Shant"]
[Result "0-1"]
[WhiteTitle "GM"]
[BlackTitle "GM"]
[WhiteElo "2531"]
[BlackElo "2645"]
[WhiteFideId "2921642"]
[BlackFideId "13306766"]
[EventDate "2022.12.26"]

1. d4 Nf6 2. c4 e6 3. g3 Bb4+ 4. Bd2 Be7 5. Bg2 d5 6. Nf3 O-O 7. O-O Nbd7 8. Qc2
c6 9. Bf4 b6 10. Nbd2 Nh5 11. e3 Bb7 12. cxd5 exd5 13. h4 Nxf4 14. exf4 c5 15.
Rfe1 Bf6 16. Bh3 cxd4 17. Nb3 d3 18. Qxd3 Nc5 19. Nxc5 bxc5 20. Ne5 Qd6 21. Nd7
Rfd8 22. Qb5 Bc6 23. Nxf6+ gxf6 24. Qe2 d4 25. Qh5 Qd5 26. Qxd5 Bxd5 27. b3 a5
28. Bg2 a4 29. Rac1 axb3 30. axb3 Bxb3 31. Bxa8 Rxa8 32. Rb1 c4 33. Rxb3 cxb3
34. Rb1 d3 35. Kf1 Ra2 36. f3 Rc2 0-1

[Event "World Rapid 2022"]
[Site "Almaty KAZ"]
[Date "2022.12.26"]
[Round "4.51"]
[White "Chigaev, Maksim"]
[Black "Mamatov, Melis"]
[Result "1-0"]
[WhiteTitle "GM"]
[BlackTitle "FM"]
[WhiteElo "2632"]
[BlackElo "2399"]
[WhiteFideId "4108116"]
[BlackFideId "13800027"]
[EventDate "2022.12.26"]

1. e4 c5 2. Nf3 d6 3. d4 cxd4 4. Nxd4 Nf6 5. Nc3 e5 6. Bb5+ Nbd7 7. Nf5 a6 8.
Ba4 b5 9. Bb3 Nc5 10. Bg5 Bxf5 11. exf5 Be7 12. Bxf6 Bxf6 13. Nd5 O-O 14. O-O e4
15. c3 Re8 16. Qh5 Re5 17. f4 exf3 18. Qxf3 Rc8 19. Rad1 a5 20. Kh1 Nd7 21. a3
a4 22. Ba2 Nb6 23. Nxf6+ gxf6 24. Qg4+ Kf8 25. Qh5 Nc4 26. Qxh7 Ke7 27. Qh5 d5
28. Rfe1 Qd6 29. Re2 Rd8 30. Rde1 Re8 31. Rxe5+ fxe5 32. f6+ Qxf6 33. Bxc4 bxc4
34. Qxe5+ Qxe5 35. Rxe5+ Kf8 36. Rxe8+ Kxe8 1-0

[Event "World Rapid 2022"]
[Site "Almaty KAZ"]
[Date "2022.12.26"]
[Round "4.52"]
[White "Gharibyan, Mamikon"]
[Black "Indjic, Aleksandar"]
[Result "1/2-1/2"]
[WhiteTitle "IM"]
[BlackTitle "GM"]
[WhiteElo "2480"]
[BlackElo "2636"]
[WhiteFideId "13308300"]
[BlackFideId "911925"]
[EventDate "2022.12.26"]

1. Nf3 Nf6 2. c4 c5 3. Nc3 Nc6 4. e3 e6 5. d4 d5 6. a3 a6 7. dxc5 Bxc5 8. b4 Bd6
9. Bb2 O-O 10. Be2 dxc4 11. Bxc4 b5 12. Be2 Bb7 13. O-O Qc7 14. Rc1 Rfd8 15. Qc2
Rac8 16. Ne4 Nxe4 17. Qxe4 Qe7 18. Qg4 f5 19. Qh5 h6 20. Bd1 Qf7 21. Qh3 Ne7 22.
Rxc8 Rxc8 23. Nd4 Bd5 24. Bh5 Qf6 25. Ba1 e5 26. Ne2 Qe6 27. Bf3 Bxf3 28. Qxf3
e4 29. Nd4 Qf6 30. Qh5 Be5 31. Rd1 Kh7 32. g3 Rd8 33. Kg2 Ng6 34. Rc1 Bxd4 35.
Bxd4 Qf7 36. Kg1 Rd5 37. Qh3 Qd7 38. Qg2 h5 39. h4 Nf8 40. Qf1 Ne6 41. Qe2 Kh6
42. Ba1 Rd2 43. Qf1 g5 44. Bf6 g4 45. Be5 Kg6 46. Kg2 Qd5 47. Bf4 Kf7 48. Ra1
Ke8 49. a4 Qd3 50. Qe1 Kf7 51. axb5 axb5 52. Ra7+ Kg6 53. Ra6 Rd1 54. Rxe6+ Kf7
55. Qxd1 Qxd1 56. Rb6 Qa4 57. Bd6 f4 58. gxf4 Qd1 59. f5 Qf3+ 60. Kg1 Qxf5 61.
Rb7+ Ke6 62. Rb6 Kd7 63. Bg3 Qd5 64. Rh6 Qc4 65. Bd6 g3 66. Bxg3 Qxb4 67. Rh7+
Ke6 68. Rxh5 Qb1+ 69. Kh2 b4 70. Rb5 b3 71. h5 Kf6 72. Rb6+ Kg7 73. Bf4 Qf1 74.
h6+ Kh7 75. Rxb3 Qxf2+ 76. Kh3 Qf1+ 77. Kh4 Qh1+ 78. Kg5 Qxh6+ 79. Kf5 Qg6+ 80.
Ke5 Qe8+ 81. Kd4 Qa4+ 82. Kc3 Kg6 83. Rb6+ Kf5 84. Rd6 Qa1+ 85. Kc4 Qc1+ 86. Kd5
Qc2 87. Rc6 Qd3+ 88. Kc5 Kg4 89. Rg6+ Kf3 90. Rg3+ Kf2 91. Rg5 Qd7 92. Re5 Qb7
93. Kd4 Kf3 94. Kc5 Ke2 95. Rd5 Qa7+ 96. Kd6 Qb7 97. Kc5 Qe7+ 98. Rd6 Kf3 99.
Kc4 Qxd6 100. Bxd6 Kxe3 101. Kd5 1/2-1/2

[Event "World Rapid 2022"]
[Site "Almaty KAZ"]
[Date "2022.12.26"]
[Round "4.53"]
[White "Madaminov, Mukhiddin"]
[Black "Petrosyan, Manuel"]
[Result "0-1"]
[WhiteTitle "IM"]
[BlackTitle "GM"]
[WhiteElo "2438"]
[BlackElo "2621"]
[WhiteFideId "14210703"]
[BlackFideId "13300857"]
[EventDate "2022.12.26"]

1. d4 Nf6 2. Nc3 d5 3. Bf4 a6 4. e3 Bf5 5. f3 h6 6. g4 Bh7 7. h4 e6 8. Bd3 Bxd3
9. Qxd3 Bd6 10. Nge2 Nc6 11. O-O-O g6 12. e4 dxe4 13. Nxe4 Nb4 14. Qd2 Bxf4 15.
Nxf4 Nbd5 16. Nxf6+ Nxf6 17. d5 e5 18. Rde1 O-O 19. Rxe5 Qd6 20. Rhe1 Rae8 21.
Qd4 Rxe5 22. Qxe5 Qb6 23. b3 Re8 24. Ne6 Qf2 25. Qxf6 Qxe1+ 26. Kb2 fxe6 27.
Qxg6+ Kf8 28. Qf6+ Kg8 29. Qg6+ Kf8 30. Qf6+ Kg8 31. Qg6+ Kf8 32. Qxh6+ Ke7 33.
Qg7+ Kd6 34. f4 Qxh4 35. Qe5+ Kd7 36. dxe6+ Rxe6 37. Qd5+ Rd6 38. Qf5+ Ke7 39.
Qe5+ Kf7 40. g5 Qh5 41. Qf5+ Ke7 42. Qe5+ Kd8 43. Qe4 Qh8+ 44. Ka3 Qa1 45. g6
Qc1+ 46. Ka4 Qb2 47. Qxb7 Qxa2+ 48. Kb4 Rb6+ 0-1

[Event "World Rapid 2022"]
[Site "Almaty KAZ"]
[Date "2022.12.26"]
[Round "4.54"]
[White "Ghasi, Ameet K"]
[Black "Tsaruk, Maksim"]
[Result "0-1"]
[WhiteTitle "IM"]
[BlackTitle "FM"]
[WhiteElo "2471"]
[BlackElo "2373"]
[WhiteFideId "409200"]
[BlackFideId "13511173"]
[EventDate "2022.12.26"]

1. Nf3 Nf6 2. g3 d5 3. Bg2 c5 4. O-O Nc6 5. d3 e6 6. Nbd2 Be7 7. e4 O-O 8. Re1
h6 9. c3 a5 10. a4 b6 11. e5 Nd7 12. Nb1 f6 13. exf6 Rxf6 14. Na3 Nf8 15. h4 Bd7
16. Nh2 Nh7 17. Nb5 Rc8 18. Bd2 Qf8 19. Qe2 Bd6 20. c4 dxc4 21. Ng4 Rf7 22. dxc4
Nd4 23. Nxd4 cxd4 24. f4 Nf6 25. Ne5 Bxe5 26. fxe5 d3 27. Qd1 Qc5+ 28. Kh1 Nh7
29. Be3 Qxe5 30. Bf4 Qxb2 31. Qxd3 Bc6 32. Bxc6 Rxc6 33. Rab1 Qa2 34. Rxb6 Rxc4
35. Rbxe6 Rc2 36. Re8+ Nf8 37. R1e2 Rxe2 38. Qxe2 Qxa4 39. Kh2 Qc6 40. Rd8 Kh7
41. h5 Qc5 42. Qd3+ Qf5 43. Qxf5+ Rxf5 44. Bd6 Rxh5+ 45. Kg2 Rd5 46. Kf3 Ne6 47.
Rd7 Nc5 0-1

[Event "World Rapid 2022"]
[Site "Almaty KAZ"]
[Date "2022.12.26"]
[Round "4.55"]
[White "Nguyen, Thai Dai Van"]
[Black "Munkhdalai, Amilal"]
[Result "1-0"]
[WhiteTitle "GM"]
[BlackTitle "FM"]
[WhiteElo "2656"]
[BlackElo "2142"]
[WhiteFideId "358878"]
[BlackFideId "4903250"]
[EventDate "2022.12.26"]

1. d4 Nf6 2. c4 e6 3. Nf3 b6 4. g3 Bb7 5. Bg2 Bb4+ 6. Bd2 Qe7 7. O-O Bxd2 8.
Qxd2 O-O 9. Nc3 Ne4 10. Nxe4 Bxe4 11. Qf4 d5 12. Rac1 Na6 13. Ne5 Bxg2 14. Kxg2
dxc4 15. Rxc4 c5 16. dxc5 Nxc5 17. b4 Qb7+ 18. Qf3 Qxf3+ 19. Kxf3 Na4 20. Rc7 a5
21. b5 f6 22. Nd3 Rf7 23. Rfc1 Rxc7 24. Rxc7 Rd8 25. Rc4 Nc5 26. Nxc5 Rc8 27.
Ke3 bxc5 28. Ra4 c4 29. Kd2 c3+ 30. Kc2 Rc5 31. Rxa5 h5 32. a4 Kh7 33. Ra6 Re5
34. e3 Rf5 35. f4 Rc5 36. b6 Rc6 37. a5 1-0

[Event "World Rapid 2022"]
[Site "Almaty KAZ"]
[Date "2022.12.26"]
[Round "4.56"]
[White "Fedorov, Alexei"]
[Black "Khusenkhojaev, Mustafokhuja"]
[Result "1/2-1/2"]
[WhiteTitle "GM"]
[WhiteElo "2475"]
[BlackElo "2265"]
[WhiteFideId "13500465"]
[BlackFideId "14700727"]
[EventDate "2022.12.26"]

1. e4 e5 2. Nf3 Nc6 3. Bc4 Bc5 4. d3 Nf6 5. Bg5 h6 6. Bh4 Be7 7. Bg3 d6 8. a3
O-O 9. O-O Be6 10. Bxe6 fxe6 11. Nbd2 Qe8 12. c3 Rb8 13. d4 exd4 14. cxd4 Nh5
15. Rc1 Nxg3 16. hxg3 Bf6 17. Nb3 Rc8 18. Re1 Qf7 19. Re2 Rfd8 20. Qd3 a6 21.
Rec2 Rd7 22. Qe2 Kh8 23. e5 dxe5 24. dxe5 Be7 25. Nbd2 Rcd8 26. Nf1 Qg6 27. Rc4
Rd5 28. Ne3 Rb5 29. b4 a5 30. Rxc6 bxc6 31. Rxc6 Qd3 32. Qxd3 Rxd3 33. Rxe6 Bxb4
34. Re8+ Kh7 35. e6 Bxa3 36. e7 Bxe7 37. Rxe7 a4 38. Rxc7 Ra5 39. Rc2 a3 40. Ra2
Rb3 41. Nc4 Ra4 42. Nfd2 Rc3 43. f3 Rcxc4 44. Nxc4 Rxc4 45. Rxa3 h5 1/2-1/2